| 000 | 01427nam a22003617a 4500 | ||
|---|---|---|---|
| 001 | 0008626 | ||
| 003 | KOHA_MİRAKIL | ||
| 005 | 20260207001642.0 | ||
| 007 | ta | ||
| 008 | 091009b1988 tu |||gr||||#||||0|eng | | ||
| 020 |
_a9751600022 _cTL5 |
||
| 040 |
_aTR-BiSEU _btur _cTR-BiSEU _erda |
||
| 041 | 0 | _aeng | |
| 044 | _ctu | ||
| 050 |
_aQB82.I8 _bS28 1988 |
||
| 100 | 1 | _aSayılı, Aydın. | |
| 245 | 1 | 4 |
_aThe observatory in Islam : _band its placein the general history of the observatory/ _cAydın Sayılı ; Aydın Sayılı. |
| 264 | 1 |
_aAnkara : _bAtatürk Supreme Council for Culture Language and History Publications of The Turkish Historical Society _c1988 |
|
| 300 | _axi, 472 sayfa, [4]: resimli; 25 cm. | ||
| 336 |
_ametin _btxt _2rdacontent |
||
| 337 |
_aaracısız _bn _2rdamedia |
||
| 338 |
_acilt _bnc _2rdacarrier |
||
| 490 | 1 |
_aPublications of The Turkish Historical Society Series VII ; _vNo. |
|
| 490 | 1 | _a38-a | |
| 500 | _aReprint of thhe 1960 ed. published by Türk Tarih Kurumu Basımevi, Ankara, which was issued as ser. 7, no. 38a, of the Publications of the Turkish Historical Society. | ||
| 500 | _aKaynakça ve dizin var. | ||
| 500 | _aIncludes index. | ||
| 650 | 0 |
_aAstronomical observatories--History. _921618 |
|
| 650 | 0 |
_aAstronomy, Arab. _921619 |
|
| 830 | 1 |
_aPublications of The Turkish Historical Society Series VII ; _vNo. _921620 |
|
| 830 | 1 |
_a38-a _921621 |
|
| 942 |
_2lcc _cBK |
||
| 999 |
_c8598 _d8598 |
||